00527nam a2200205Ia 4500003000400000005001700004008004100021020001800062040000700080041000800087082001600095100003300111245004500144250000600189260003700195300001600232365001700248440003800265650001800303OSt20230530160041.0210423s2005 xx 000 0 und d a0-387-22182-4 cAL aeng a512.74 MURP aMURTY (Ram M);ESMONDE (Jody) aProblems in algebraic number theory Ed 2 a2 aNew YorkbSpringer Pvt Ltdc2005 axvi,355bPB b4457.26cEUR aGraduate texts in mathemetics 190 aNumber Theory